[Event "ITA-chT GpB 55th"]
[Site "Vasto"]
[Date "2024.04.11"]
[Round "5.16"]
[White "Simonetto, Andrea"]
[Black "Pescatore, Lorenzo"]
[Result "1/2-1/2"]
[WhiteElo "2277"]
[BlackElo "2358"]
[PlyCount "73"]
[EventDate "2024.04.08"]
[EventType "team-tourn"]
[EventRounds "7"]
[EventCountry "ITA"]
[SourceTitle "CB16_2024"]
[SourceDate "2024.04.17"]
[SourceVersion "1"]
[SourceVersionDate "2024.04.17"]
[SourceQuality "1"]
[WhiteTeam "Pedone Isolano"]
[BlackTeam "Arrocco"]
[WhiteTeamCountry "ITA"]
[BlackTeamCountry "ITA"]

1. e4 c5 2. Nf3 Nc6 3. Bb5 Nf6 4. Nc3 Qc7 5. 0-0 Nd4 6. Re1 a6 7. Bf1 d6 8. Nxd4 cxd4 9. Nd5 Nxd5 10. exd5 g6 11. c4 Bg7 12. d3 0-0 13. Bg5 e5 14. dxe6 fxe6 15. Be2 Bd7 16. Bg4 Rae8 17. b4 h5 18. Bh3 e5 19. Bxd7 Qxd7 20. Rc1 Qf5 21. Qd2 e4 22. dxe4 Rxe4 23. Rxe4 Qxe4 24. Bh6 Bxh6 25. Qxh6 Rc8 26. h3 d3 27. f3 Qe6 28. Qf4 b5 29. c5 dxc5 30. bxc5 Rd8 31. Rd1 Rd5 32. Kh2 Kh7 33. c6 Qxc6 34. Qf7+ Kh6 35. Qf8+ Kh7 36. Qf7+ Kh6 37. Qf8+ 1/2-1/2

[Event "Palmanova op 12th"]
[Site "Palmanova"]
[Date "2023.12.09"]
[Round "2"]
[White "Brotto, Alessandro"]
[Black "Simonetto, Andrea"]
[Result "0-1"]
[WhiteElo "2062"]
[BlackElo "2278"]
[PlyCount "40"]
[EventDate "2023.12.08"]
[EventType "swiss"]
[EventRounds "5"]
[EventCountry "ITA"]
[SourceTitle "CB50_2023"]
[SourceDate "2023.12.13"]
[SourceVersion "1"]
[SourceVersionDate "2023.12.13"]
[SourceQuality "1"]

1. e4 c6 2. d4 d5 3. exd5 cxd5 4. c4 Nf6 5. Nc3 Nc6 6. Nf3 Bg4 7. cxd5 Nxd5 8. Bb5 Rc8 9. h3 Bh5 10. 0-0 e6 11. g4 Bg6 12. Bg5 Be7 13. Bxe7 Ndxe7 14. Bxc6+ bxc6 15. Qa4 h5 16. Rfe1 hxg4 17. hxg4 Qd6 18. Qxa7 Qf4 19. Ne5 Bd3 20. Nxd3 Qxg4+ 0-1

[Event "Veneto-ch qf 81st"]
[Site "Verona"]
[Date "2022.05.08"]
[Round "5.4"]
[White "Negro, Raffaele"]
[Black "Simonetto, Andrea"]
[Result "0-1"]
[WhiteElo "1655"]
[BlackElo "2249"]
[PlyCount "162"]
[EventDate "2022.05.06"]
[EventType "swiss"]
[EventRounds "5"]
[EventCountry "ITA"]
[SourceTitle "EXT 2024"]
[Source "ChessBase"]
[SourceDate "2023.10.10"]
[SourceVersion "1"]
[SourceVersionDate "2023.10.10"]
[SourceQuality "1"]

1. d4 d5 2. Nf3 Nf6 3. e3 e6 4. Bd3 c5 5. 0-0 Be7 6. Nbd2 0-0 7. c3 b6 8. e4 dxe4 9. Nxe4 Nbd7 10. dxc5 bxc5 11. Re1 Bb7 12. Qe2 h6 13. Bf4 Qb6 14. Nxf6+ Nxf6 15. Ne5 Rad8 16. Rad1 Ba8 17. Bb5 Rxd1 18. Rxd1 Rd8 19. Rxd8+ Bxd8 20. Bc4 Qb7 21. f3 Nd5 22. Bg3 Bg5 23. Bb5 Qc8 24. h4 Bf6 25. c4 Nb6 26. a4 Qd8 27. Qd3 Qc7 28. f4 a6 29. Bxa6 Nxa4 30. b3 Bxe5 31. fxe5 Qc6 32. Qd8+ Kh7 33. Qd3+ g6 34. Qc2 Nc3 35. Bb5 Nxb5 36. cxb5 Qxb5 37. h5 Bd5 38. hxg6+ fxg6 39. Bf2 Qa5 40. Qxc5 Qa1+ 41. Kh2 Qxe5+ 42. Bg3 Qg7 43. b4 Qb7 44. Be5 Bxg2 45. Qf8 g5 46. Qh8+ Kg6 47. Qf6+ Kh5 48. Qxe6 Bd5 49. Qh3+ Kg6 50. Qd3+ Kh5 51. Qh3+ Kg6 52. Qd3+ Be4 53. Qd6+ Kh5 54. Kg3 Qc8 55. Qd1+ Kg6 56. Qd6+ Kh5 57. Qd1+ g4 58. Qd4 Qc2 59. Kf4 Bg6 60. Bf6 Qf5+ 61. Ke3 Qf3+ 62. Kd2 Bf5 63. b5 g3 64. b6 Qb3 65. Qh4+ Kg6 66. Bd4 Qc2+ 67. Ke1 Qb1+ 68. Kd2 Qc2+ 69. Ke1 g2 70. Qg3+ Kf7 71. Qg7+ Ke8 72. Qg8+ Kd7 73. Qf7+ Kd6 74. Qf6+ Kd5 75. Qd8+ Ke4 76. b7 Qc1+ 77. Kf2 Qf1+ 78. Kg3 Qf3+ 79. Kh2 Qh3+ 80. Kg1 Qh1+ 81. Kf2 g1Q+ 0-1

[Event "Veneto-ch qf 81st"]
[Site "Verona"]
[Date "2022.05.07"]
[Round "3.8"]
[White "Vincenti, Leonardo"]
[Black "Simonetto, Andrea"]
[Result "0-1"]
[WhiteElo "1770"]
[BlackElo "2249"]
[PlyCount "86"]
[EventDate "2022.05.06"]
[EventType "swiss"]
[EventRounds "5"]
[EventCountry "ITA"]
[SourceTitle "EXT 2024"]
[Source "ChessBase"]
[SourceDate "2023.10.10"]
[SourceVersion "1"]
[SourceVersionDate "2023.10.10"]
[SourceQuality "1"]

1. e4 c6 2. d4 d5 3. exd5 cxd5 4. Bd3 Nf6 5. c3 Bg4 6. Nf3 Nc6 7. Bf4 a6 8. 0-0 e6 9. Nbd2 Bd6 10. Bg3 0-0 11. Qc2 Bxg3 12. fxg3 Rc8 13. a3 Bh5 14. Rae1 Bg6 15. Bxg6 hxg6 16. Qd3 Qb6 17. b4 Rfe8 18. Kh1 Qc7 19. Re3 Ng4 20. Re2 Ne7 21. Rc1 Nf5 22. Nf1 Nd6 23. Ne3 Nxe3 24. Qxe3 Nc4 25. Qd3 Nxa3 26. Nd2 Nc4 27. Nxc4 Qxc4 28. Qc2 Re7 29. Kg1 Rec7 30. Qd2 Qb5 31. Qe3 Rxc3 32. Rxc3 Rxc3 33. Qxc3 Qxe2 34. Qc8+ Kh7 35. h3 Qe1+ 36. Kh2 Qxb4 37. Qe8 f6 38. Qxe6 Qxd4 39. Qd7 b5 40. Qb7 b4 41. Qxa6 b3 42. Qf1 Qc4 43. Qb1 Qc2 0-1

[Event "Cattolica Vergani Cup"]
[Site "Cattolica"]
[Date "2021.12.28"]
[Round "4"]
[White "Simonetto, Andrea"]
[Black "Stefanou, Dimitrios"]
[Result "0-1"]
[WhiteElo "2252"]
[BlackElo "2122"]
[PlyCount "132"]
[EventDate "2021.12.26"]
[EventType "swiss"]
[EventRounds "9"]
[EventCountry "ITA"]
[SourceTitle "CBM 206 Extra"]
[Source "ChessBase"]
[SourceDate "2022.03.31"]
[SourceVersion "1"]
[SourceVersionDate "2022.03.31"]
[SourceQuality "1"]

1. e4 c6 2. d4 d5 3. exd5 cxd5 4. Bd3 Nc6 5. c3 Qc7 6. h3 g6 7. Nf3 Bf5 8. Be2 Nf6 9. 0-0 Bg7 10. Be3 0-0 11. Nbd2 Rad8 12. Re1 Ne4 13. Nb3 Rfe8 14. Qc1 Qc8 15. Bh6 Bh8 16. Nh4 Bf6 17. Nxf5 Qxf5 18. Be3 Bh4 19. Rf1 e5 20. dxe5 Qxe5 21. Bf3 Bg5 22. Re1 Bxe3 23. Qxe3 f5 24. Rad1 Qg7 25. Nd4 Ne5 26. Qf4 Rd7 27. Re2 Rf7 28. Bxe4 dxe4 29. Nb5 a6 30. Nd6 Rd8 31. Rd5 Nd3 32. Qg5 Rfd7 33. Nxf5 Rxd5 34. Ne7+ Kf7 35. Nxd5 Re8 36. Nc7 Qe5 37. Qh4 Re7 38. Qxh7+ Kf6 39. Qh8+ Kf5 40. Qxe5+ Kxe5 41. Na8 b5 42. f3 Kd5 43. fxe4+ Kc6 44. Rd2 Rd7 45. g4 Kb7 46. h4 Kxa8 47. h5 gxh5 48. gxh5 Rg7+ 49. Kf1 Rf7+ 50. Kg1 Nf4 51. h6 Nh3+ 52. Kg2 Ng5 53. Rd6 Kb7 54. e5 Re7 55. Kg3 Ne4+ 56. Kf4 Nxd6 57. exd6 Re2 58. b3 Kc6 59. Kg5 Kxd6 60. h7 Rh2 61. Kg6 Ke7 62. Kg7 Rg2+ 63. Kh6 Kf7 64. h8N+ Kf6 65. Kh7 Rxa2 66. Kg8 Rg2+ 0-1

[Event "ITA-ch sf 80th"]
[Site "Civitanova Marche"]
[Date "2021.07.25"]
[Round "9"]
[White "Genocchio, Daniele"]
[Black "Simonetto, Andrea"]
[Result "1-0"]
[WhiteElo "2361"]
[BlackElo "2194"]
[PlyCount "79"]
[EventDate "2021.07.17"]
[EventType "swiss"]
[EventRounds "9"]
[EventCountry "ITA"]
[SourceTitle "CBM 203 Extra"]
[Source "ChessBase"]
[SourceDate "2021.09.30"]
[SourceVersion "1"]
[SourceVersionDate "2021.09.30"]
[SourceQuality "1"]

1. e4 c6 2. d3 d5 3. Nd2 e5 4. Ngf3 Bd6 5. d4 exd4 6. exd5 Nf6 7. dxc6 Nxc6 8. Be2 0-0 9. 0-0 Bc7 10. Nb3 Bb6 11. Bg5 h6 12. Bh4 g5 13. Bg3 Ne4 14. Nfd2 Nxg3 15. hxg3 Bf5 16. Bd3 Bxd3 17. cxd3 f5 18. Rc1 Rf7 19. Re1 Qd7 20. Nc4 f4 21. gxf4 Rxf4 22. Qh5 Kg7 23. a4 Rf5 24. Qg4 h5 25. Qe4 Raf8 26. a5 Bc7 27. a6 Bb8 28. Ncd2 Qd6 29. Nf3 Rxf3 30. gxf3 Qh2+ 31. Kf1 g4 32. f4 Qh3+ 33. Ke2 Rxf4 34. Qh1 Qf3+ 35. Qxf3 gxf3+ 36. Kd2 Rf6 37. Re4 bxa6 38. Rg1+ Kh7 39. Nxd4 Bf4+ 40. Rxf4 1-0

[Event "ITA-ch sf 80th"]
[Site "Civitanova Marche"]
[Date "2021.07.24"]
[Round "8"]
[White "Simonetto, Andrea"]
[Black "Lain, Luigi"]
[Result "0-1"]
[WhiteElo "2194"]
[BlackElo "2254"]
[PlyCount "112"]
[EventDate "2021.07.17"]
[EventType "swiss"]
[EventRounds "9"]
[EventCountry "ITA"]
[SourceTitle "CBM 203 Extra"]
[Source "ChessBase"]
[SourceDate "2021.09.30"]
[SourceVersion "1"]
[SourceVersionDate "2021.09.30"]
[SourceQuality "1"]

1. e4 e5 2. Nf3 Nc6 3. Bb5 Nge7 4. Nc3 g6 5. d4 exd4 6. Nd5 Bg7 7. Bg5 h6 8. Bf6 Bxf6 9. Nxf6+ Kf8 10. Qd2 Kg7 11. Nxd4 Ng8 12. Nxg8 Rxg8 13. 0-0-0 Qf6 14. Bxc6 bxc6 15. f4 c5 16. Nb5 Rb8 17. c4 Ba6 18. Qc3 Bxb5 19. Qxf6+ Kxf6 20. cxb5 d6 21. e5+ Ke6 22. exd6 cxd6 23. Rhe1+ Kd7 24. a4 a6 25. bxa6 Rb4 26. Re5 Rxa4 27. Kc2 Rc8 28. f5 Rxa6 29. Rd2 g5 30. Re3 Re8 31. Rb3 Re5 32. Rb7+ Ke8 33. g4 Re4 34. h3 Kf8 35. Rd3 c4 36. Rd2 Re3 37. Rc7 Rb6 38. Rxc4 Reb3 39. Rxd6 Rxb2+ 40. Kc1 Rb1+ 41. Kc2 Rxd6 42. Kxb1 Rd3 43. Kc2 Rxh3 44. Kd2 Rh4 45. Ke3 Kg7 46. Kf3 h5 47. f6+ Kh6 48. Rc7 hxg4+ 49. Kg3 Kg6 50. Rc6 Kf5 51. Rc5+ Kxf6 52. Rc6+ Kg7 53. Rc5 Kg6 54. Rc6+ f6 55. Ra6 Rh3+ 56. Kxg4 Rb3 0-1

[Event "ITA-ch sf 80th"]
[Site "Civitanova Marche"]
[Date "2021.07.18"]
[Round "2"]
[White "Simonetto, Andrea"]
[Black "Palozza, Christian"]
[Result "1/2-1/2"]
[WhiteElo "2194"]
[BlackElo "2311"]
[PlyCount "75"]
[EventDate "2021.07.17"]
[EventType "swiss"]
[EventRounds "9"]
[EventCountry "ITA"]
[SourceTitle "CBM 203 Extra"]
[Source "ChessBase"]
[SourceDate "2021.09.30"]
[SourceVersion "1"]
[SourceVersionDate "2021.09.30"]
[SourceQuality "1"]

1. e4 c6 2. d4 d5 3. Nc3 dxe4 4. Nxe4 Nf6 5. Nxf6+ exf6 6. c3 Bd6 7. Bd3 0-0 8. Qc2 Re8+ 9. Ne2 h5 10. 0-0 h4 11. h3 Nd7 12. Bd2 Nf8 13. Rae1 Be6 14. f4 b5 15. b3 g5 16. f5 Bd7 17. g3 hxg3 18. h4 gxh4 19. Nf4 Rxe1 20. Rxe1 Nh7 21. Qd1 Bxf4 22. Bxf4 Ng5 23. Qg4 c5 24. d5 c4 25. Bc2 cxb3 26. axb3 Rc8 27. Re3 Rc5 28. Qxh4 Rxd5 29. Rxg3 Bxf5 30. Bxg5 fxg5 31. Qxg5+ Bg6 32. Qxd8+ Rxd8 33. Bxg6 fxg6 34. Rxg6+ Kf7 35. Ra6 Rd7 36. Kf2 Rc7 37. c4 Rxc4 38. Rxa7+ 1/2-1/2

[Event "Bassano del Grappa GM Mix 2nd"]
[Site "Bassano del Grappa"]
[Date "2021.03.26"]
[Round "6"]
[White "Simonetto, Andrea"]
[Black "Shetty, Atulya"]
[Result "0-1"]
[WhiteElo "2195"]
[BlackElo "2447"]
[PlyCount "80"]
[EventDate "2021.03.24"]
[EventType "swiss"]
[EventRounds "9"]
[EventCountry "ITA"]
[SourceTitle "CBM 201 Extra"]
[Source "ChessBase"]
[SourceDate "2021.05.31"]
[SourceVersion "1"]
[SourceVersionDate "2021.05.31"]
[SourceQuality "1"]

1. Nf3 d5 2. e3 Nf6 3. c4 c6 4. Nc3 g6 5. d4 a6 6. Be2 Bg7 7. 0-0 0-0 8. Bd2 dxc4 9. Bxc4 b5 10. Be2 Nbd7 11. Rc1 Re8 12. Qc2 e5 13. dxe5 Nxe5 14. Nxe5 Rxe5 15. Bf3 Bg4 16. Bxg4 Nxg4 17. h3 Nf6 18. Ne2 c5 19. Bc3 Rd5 20. Nf4 Rd7 21. Bxf6 Bxf6 22. Qxc5 Bxb2 23. Rc2 Bg7 24. e4 Rd4 25. Re1 Bf8 26. Qc6 Qe8 27. Qb7 Bb4 28. Ree2 Qb8 29. Qxb8+ Rxb8 30. Nd5 Bf8 31. f4 a5 32. Red2 Rxd2 33. Rxd2 b4 34. Rb2 Kg7 35. Kf2 a4 36. Ke2 b3 37. axb3 a3 38. Rb1 Rxb3 39. Ra1 Bc5 40. g4 Bd4 0-1

[Event "Bassano del Grappa op 11"]
[Site "Bassano del Grappa"]
[Date "2020.11.29"]
[Round "4"]
[White "Simonetto, Andrea"]
[Black "Pegno, Mattia"]
[Result "1-0"]
[WhiteElo "2194"]
[BlackElo "1971"]
[PlyCount "103"]
[EventDate "2020.11.27"]
[EventType "swiss"]
[EventRounds "5"]
[EventCountry "ITA"]
[SourceTitle "CBM 199 Extra"]
[Source "ChessBase"]
[SourceDate "2021.01.31"]
[SourceVersion "1"]
[SourceVersionDate "2021.01.31"]
[SourceQuality "1"]

1. Nf3 Nf6 2. c4 e6 3. e3 d5 4. b3 Be7 5. Bb2 0-0 6. Nc3 b6 7. cxd5 exd5 8. d4 Bb7 9. Bd3 Nbd7 10. Rc1 c5 11. 0-0 Rc8 12. Qe2 Re8 13. Rc2 Bf8 14. Rfc1 Qe7 15. Ba6 Nb8 16. Bxb7 Qxb7 17. Na4 Nbd7 18. dxc5 bxc5 19. Bxf6 gxf6 20. Nh4 Qb4 21. Qh5 Re5 22. Nf5 Qe4 23. Nh6+ Bxh6 24. Qxh6 Rg5 25. Qh3 Kg7 26. g3 f5 27. Qg2 Rg6 28. Nxc5 Nxc5 29. Rxc5 Rxc5 30. Rxc5 Ra6 31. Qxe4 fxe4 32. a4 Rd6 33. Kf1 Kf6 34. Ra5 a6 35. Rc5 Ke6 36. a5 d4 37. Rc4 Ke5 38. exd4+ Rxd4 39. Rc6 Rb4 40. Rxa6 Rxb3 41. Rh6 Ra3 42. Rxh7 Rxa5 43. Rh5+ f5 44. g4 Ke6 45. Rxf5 Ra4 46. h3 Ra3 47. Kg2 Ra2 48. Rf8 Kd7 49. Kg3 Ke7 50. Rf4 Re2 51. g5 Re1 52. Kg2 1-0

[Event "Graz op-A"]
[Site "Graz"]
[Date "2020.02.20"]
[Round "8"]
[White "Simonetto, Andrea"]
[Black "Frank, Emanuel"]
[Result "0-1"]
[WhiteElo "2158"]
[BlackElo "2286"]
[PlyCount "134"]
[EventDate "2020.02.14"]
[EventType "swiss"]
[EventRounds "9"]
[EventCountry "AUT"]
[SourceTitle "CBM 195 Extra"]
[Source "ChessBase"]
[SourceDate "2020.05.31"]
[SourceVersion "1"]
[SourceVersionDate "2020.05.31"]
[SourceQuality "1"]

1. Nf3 d5 2. e3 Nf6 3. c4 e6 4. b3 Be7 5. Bb2 0-0 6. Nc3 b6 7. cxd5 Nxd5 8. Nxd5 exd5 9. Rc1 c5 10. d4 Be6 11. Bd3 Nc6 12. 0-0 a5 13. Bb5 Qd6 14. Qd2 Rfc8 15. Rfd1 Nb4 16. a3 Na6 17. Qe2 Nc7 18. Bd3 a4 19. dxc5 bxc5 20. bxa4 Bd7 21. Ne5 Bxa4 22. Rd2 Qe6 23. Qf3 g6 24. Ng4 Bc6 25. Qg3 Kf8 26. Qf4 Ne8 27. h4 Ra4 28. Qe5 Qxe5 29. Nxe5 c4 30. Bc2 Ra5 31. e4 Bxh4 32. Bc3 Raa8 33. Nxc6 Rxc6 34. exd5 Rcc8 35. Bb4+ Kg7 36. g3 Bg5 37. f4 Bd8 38. Be4 Bb6+ 39. Kg2 Be3 40. Rdc2 Bxc1 41. Rxc1 f5 42. Bf3 Ra6 43. Be2 Nd6 44. Kf3 Kf7 45. Ke3 Re8+ 46. Kf3 Re4 47. Rh1 h5 48. Rc1 Ke8 49. Bc5 Kd7 50. Kf2 Ra5 51. Bb4 Ra8 52. Bc5 Ree8 53. Bb4 Re4 54. Bc5 Rc8 55. Bb4 Rd4 56. Bf3 Ne4+ 57. Bxe4 Rxe4 58. d6 Rce8 59. Rc3 Re2+ 60. Kf3 R8e4 61. Bc5 Rb2 62. Rc1 Rb3+ 63. Kf2 c3 64. Bb4 Rb2+ 65. Kf3 c2 66. Kf2 Rc4 67. Ke2 Rb3 0-1

[Event "Graz op-A"]
[Site "Graz"]
[Date "2020.02.17"]
[Round "4"]
[White "Simonetto, Andrea"]
[Black "Huber, Martin Christian"]
[Result "1/2-1/2"]
[WhiteElo "2158"]
[BlackElo "2340"]
[PlyCount "75"]
[EventDate "2020.02.14"]
[EventType "swiss"]
[EventRounds "9"]
[EventCountry "AUT"]
[SourceTitle "CBM 195 Extra"]
[Source "ChessBase"]
[SourceDate "2020.05.31"]
[SourceVersion "1"]
[SourceVersionDate "2020.05.31"]
[SourceQuality "1"]

1. Nf3 Nf6 2. e3 g6 3. d4 Bg7 4. c4 c5 5. d5 0-0 6. Nc3 d6 7. Be2 e6 8. 0-0 Na6 9. Nd2 Nc7 10. dxe6 Bxe6 11. Nde4 Nfe8 12. Qc2 f5 13. Nd2 Qf6 14. Bf3 Rb8 15. Rd1 Qf7 16. b3 a6 17. Bb2 b5 18. cxb5 axb5 19. Nf1 b4 20. Ne2 g5 21. g3 Nb5 22. Bxg7 Qxg7 23. Bg2 Nec7 24. h4 h6 25. hxg5 hxg5 26. Nd2 Na3 27. Qd3 d5 28. Rac1 c4 29. Qd4 c3 30. Qxg7+ Kxg7 31. Nf3 Kf6 32. Nfd4 Bf7 33. Nc2 Nxc2 34. Rxc2 Ra8 35. Nd4 Ra6 36. Bf1 Rfa8 37. a4 bxa3 38. Ra1 1/2-1/2

[Event "Graz op-A"]
[Site "Graz"]
[Date "2020.02.16"]
[Round "3"]
[White "Szotkowski, Jakub"]
[Black "Simonetto, Andrea"]
[Result "1/2-1/2"]
[WhiteElo "2367"]
[BlackElo "2158"]
[PlyCount "68"]
[EventDate "2020.02.14"]
[EventType "swiss"]
[EventRounds "9"]
[EventCountry "AUT"]
[SourceTitle "CBM 195 Extra"]
[Source "ChessBase"]
[SourceDate "2020.05.31"]
[SourceVersion "1"]
[SourceVersionDate "2020.05.31"]
[SourceQuality "1"]

1. d4 d5 2. c4 e6 3. Nc3 Bb4 4. e3 Nf6 5. Nf3 0-0 6. Bd2 b6 7. cxd5 exd5 8. Bd3 Ba6 9. Bxa6 Nxa6 10. Qa4 Qc8 11. 0-0 Bxc3 12. Bxc3 Qb7 13. Rac1 Ne4 14. Rfd1 f6 15. Be1 Rac8 16. b3 Rfd8 17. Qc6 Qxc6 18. Rxc6 Nb8 19. Rc2 Nd7 20. Kf1 Kf7 21. Ke2 c6 22. Rdc1 Nb8 23. Bb4 Ke6 24. Ne1 Re8 25. Nd3 Kd7 26. Be1 Nd6 27. a4 a5 28. g4 h5 29. h3 hxg4 30. hxg4 Rh8 31. Nf4 g5 32. Nh5 Rcf8 33. Ng3 f5 34. Kd3 fxg4 1/2-1/2

[Event "Graz op-A"]
[Site "Graz"]
[Date "2020.02.14"]
[Round "1"]
[White "Blohberger, Felix"]
[Black "Simonetto, Andrea"]
[Result "1/2-1/2"]
[WhiteElo "2448"]
[BlackElo "2158"]
[PlyCount "104"]
[EventDate "2020.02.14"]
[EventType "swiss"]
[EventRounds "9"]
[EventCountry "AUT"]
[SourceTitle "CBM 195 Extra"]
[Source "ChessBase"]
[SourceDate "2020.05.31"]
[SourceVersion "1"]
[SourceVersionDate "2020.05.31"]
[SourceQuality "1"]

1. e4 c6 2. Nf3 d5 3. Nc3 Nf6 4. e5 Ne4 5. Ne2 Qb6 6. d4 e6 7. Ng3 c5 8. c3 Nc6 9. Bd3 Nxg3 10. hxg3 Bd7 11. dxc5 Bxc5 12. Qe2 a5 13. g4 Ne7 14. Rb1 a4 15. b4 axb3 16. axb3 Qc7 17. g5 Ng6 18. 0-0 0-0 19. g3 Bb6 20. Bb2 Rfd8 21. Ra1 Be8 22. Kg2 Qe7 23. Rxa8 Rxa8 24. Bc1 Qc7 25. Bxg6 hxg6 26. Be3 Rc8 27. Rc1 Bc5 28. Bxc5 Qxc5 29. Nd4 Bd7 30. Qd3 Qe7 31. Qe3 Qc5 32. Qd2 Bb5 33. Rc2 Bd7 34. Kh2 Qc7 35. Qe3 Qc5 36. Kg2 Bb5 37. Qd2 Bd7 38. Rc1 Qc7 39. Qe2 Qc5 40. Kg1 Qe7 41. Qe3 Qc5 42. Kg2 Be8 43. Ra1 Kf8 44. Ra8 Kg8 45. Rxc8 Qxc8 46. Qe1 Qa8 47. Qb1 Qa6 48. Qf1 Qa5 49. Qd3 Qc7 50. Qe3 Qc5 51. Qd3 Qc7 52. Qe3 Qc5 1/2-1/2

[Event "ITA-ch U20 79th"]
[Site "Padova"]
[Date "2019.12.04"]
[Round "6"]
[White "Carnicelli, Valerio"]
[Black "Simonetto, Andrea"]
[Result "1-0"]
[WhiteElo "2303"]
[BlackElo "2185"]
[PlyCount "129"]
[EventDate "2019.11.28"]
[EventType "tourn"]
[EventRounds "7"]
[EventCountry "ITA"]
[EventCategory "1"]
[SourceTitle "CBM 193 Extra"]
[Source "ChessBase"]
[SourceDate "2020.01.31"]
[SourceVersion "1"]
[SourceVersionDate "2020.01.31"]
[SourceQuality "1"]

1. e4 c6 2. d4 d5 3. e5 Bf5 4. Nc3 e6 5. g4 Bg6 6. Nge2 h5 7. Nf4 Ne7 8. Nxg6 Nxg6 9. gxh5 Nh4 10. Qg4 Nd7 11. Be3 c5 12. dxc5 g6 13. 0-0-0 Rxh5 14. Bb5 a6 15. Ba4 Nf5 16. Nxd5 exd5 17. Rxd5 Rh4 18. Qg2 Rxa4 19. e6 Nxe3 20. exd7+ Qxd7 21. fxe3 Qe6 22. Rhd1 Rc8 23. Qd2 Be7 24. Qc3 Re4 25. R1d3 Rxe3 26. Rxe3 Qxd5 27. Qh8+ Kd7 28. Rxe7+ Kxe7 29. Qxc8 Qh1+ 30. Kd2 Qxh2+ 31. Kd3 Qg3+ 32. Kc4 Qf4+ 33. Kb3 Qe4 34. c4 Qd3+ 35. Kb4 Qd7 36. Qh8 Qd2+ 37. Kb3 Qe3+ 38. Kb4 g5 39. Qb8 Qe4 40. Qd6+ Ke8 41. Ka5 g4 42. b4 Qe7 43. Kb6 Qxd6+ 44. cxd6 Kd7 45. c5 g3 46. Kxb7 g2 47. c6+ Kxd6 48. c7 g1Q 49. c8Q Qg2+ 50. Ka7 Qf2+ 51. Kxa6 Qxa2+ 52. Kb6 Ke5 53. Qc7+ Ke4 54. Qe7+ Kd4 55. Qf6+ Kd3 56. b5 Qd5 57. Kc7 Qc5+ 58. Qc6 Qa7+ 59. Kc8 f5 60. b6 Qa6+ 61. Kc7 Qa5 62. Kc8 Qa6+ 63. Kd7 Ke2 64. b7 Qa7 65. Kc8 1-0

[Event "ITA-ch sf"]
[Site "Spoleto"]
[Date "2019.07.22"]
[Round "3"]
[White "Loiacono, Antonio"]
[Black "Simonetto, Andrea"]
[Result "1-0"]
[WhiteElo "2301"]
[BlackElo "2195"]
[PlyCount "103"]
[EventDate "2019.07.20"]
[EventType "swiss"]
[EventRounds "9"]
[EventCountry "ITA"]
[SourceTitle "EXT 2020"]
[Source "ChessBase"]
[SourceDate "2019.10.17"]
[SourceVersion "1"]
[SourceVersionDate "2019.10.17"]
[SourceQuality "1"]

1. e4 c6 2. d4 d5 3. e5 c5 4. dxc5 e6 5. Nf3 Bxc5 6. a3 a5 7. Bd3 Ne7 8. 0-0 Nbc6 9. Nc3 Ng6 10. Bg5 Qc7 11. Nb5 Qb6 12. Qe2 0-0 13. Bxg6 hxg6 14. Bf4 Bd7 15. a4 Ne7 16. c3 Bxb5 17. axb5 a4 18. Bd2 Rfc8 19. Ra2 Ra5 20. Rfa1 Rxb5 21. Bc1 d4 22. cxd4 Bb4 23. Rxa4 Rd5 24. Be3 Nf5 25. h3 Be7 26. Ra8 Rcd8 27. Qc2 Kh7 28. R1a4 f6 29. Rxd8 Bxd8 30. exf6 gxf6 31. Ra3 Rb5 32. Bc1 Be7 33. Rd3 Bd6 34. Qc8 Rd5 35. Qc4 Qd8 36. g3 Qd7 37. Kg2 b5 38. Qc2 Bc7 39. Be3 e5 40. Rc3 Ba5 41. b4 Nxd4 42. Nxd4 exd4 43. Bxd4 Rxd4 44. bxa5 Qd5+ 45. Rf3 Ra4 46. Qc3 f5 47. Kh2 b4 48. Qc7+ Kh6 49. Rf4 g5 50. Qb6+ Kh5 51. g4+ Kh4 52. Qh6# 1-0

[Event "Karlsruhe Grenke op"]
[Site "Karlsruhe"]
[Date "2019.04.19"]
[Round "2"]
[White "Admiraal, Miguoel"]
[Black "Simonetto, Andrea"]
[Result "1-0"]
[WhiteElo "2516"]
[BlackElo "2238"]
[PlyCount "87"]
[EventDate "2019.04.18"]
[EventType "swiss"]
[EventRounds "9"]
[EventCountry "GER"]
[SourceTitle "CBM 189 Extra"]
[Source "ChessBase"]
[SourceDate "2019.06.03"]
[SourceVersion "1"]
[SourceVersionDate "2019.06.03"]
[SourceQuality "1"]

1. d4 d5 2. c4 e6 3. Nc3 Nf6 4. cxd5 exd5 5. Bg5 Be7 6. e3 c6 7. Bd3 Nbd7 8. h3 Ne4 9. Bf4 Bb4 10. Qc2 Ndf6 11. Nge2 Bf5 12. f3 Nxc3 13. bxc3 Bxd3 14. Qxd3 Bd6 15. Bxd6 Qxd6 16. e4 dxe4 17. fxe4 Qe7 18. Ng3 0-0-0 19. 0-0 Rhe8 20. Rae1 Qc7 21. Nf5 Nh5 22. e5 Rxe5 23. Rxe5 Qxe5 24. Qf3 Qe8 25. Qxh5 g6 26. Qxh7 gxf5 27. Qxf5+ Rd7 28. Rf3 b5 29. a4 bxa4 30. Qa5 Qe6 31. Qxa4 Rb7 32. Qa3 Kc7 33. Qf8 Rb1+ 34. Kh2 Qd6+ 35. Qxd6+ Kxd6 36. Rxf7 a5 37. Ra7 Rc1 38. Rxa5 Rxc3 39. h4 Rc4 40. g4 Rxd4 41. Kg3 c5 42. h5 Rd1 43. h6 c4 44. h7 1-0

[Event "Treviso Master op 3rd"]
[Site "Treviso"]
[Date "2019.03.29"]
[Round "1.8"]
[White "Ghods, Maziar"]
[Black "Simonetto, Andrea"]
[Result "0-1"]
[WhiteElo "1999"]
[BlackElo "2234"]
[PlyCount "72"]
[EventDate "2019.03.29"]
[EventType "swiss"]
[EventRounds "5"]
[EventCountry "ITA"]
[SourceTitle "EXT 2024"]
[Source "ChessBase"]
[SourceDate "2023.10.10"]
[SourceVersion "1"]
[SourceVersionDate "2023.10.10"]
[SourceQuality "1"]

1. d4 d5 2. c4 e6 3. Nc3 Nf6 4. Nf3 Be7 5. Bf4 0-0 6. e3 b6 7. cxd5 Nxd5 8. Nxd5 Qxd5 9. Bd3 Qa5+ 10. Kf1 Ba6 11. Bxc7 Nd7 12. h3 Rac8 13. Bg3 Bxd3+ 14. Qxd3 Rfd8 15. Kg1 Nc5 16. Qb1 Na4 17. Kh2 Qb5 18. Rc1 Nxb2 19. a4 Qb3 20. Ne5 Ba3 21. Rxc8 Rxc8 22. Qa2 Qxa2 23. Rxa2 Rc3 24. Nc6 Rxc6 25. Rxa3 a6 26. e4 Rc4 27. Rb3 Nxa4 28. d5 Rxe4 29. d6 Rd4 30. f3 f6 31. Kg1 e5 32. Ra3 b5 33. Ra1 Rxd6 34. Rc1 Nb6 35. f4 Nc4 36. fxe5 fxe5 0-1

[Event "Titled Tuesday intern op 5th March"]
[Site "Chess.com INT"]
[Date "2019.03.05"]
[Round "4"]
[White "Simonetto, Andrea"]
[Black "Heinemann, Josefine"]
[Result "0-1"]
[WhiteElo "2234"]
[BlackElo "2238"]
[PlyCount "110"]
[EventDate "2019.03.05"]
[EventType "swiss (blitz)"]
[EventRounds "10"]
[EventCountry "USA"]
[SourceTitle "EXT 2021"]
[Source "ChessBase"]
[SourceDate "2020.10.23"]
[SourceVersion "1"]
[SourceVersionDate "2020.10.23"]
[SourceQuality "1"]

1. Nf3 c5 2. e3 g6 3. d4 Bg7 4. d5 d6 5. c4 Nf6 6. Nc3 0-0 7. Be2 e6 8. 0-0 exd5 9. cxd5 a6 10. a4 Re8 11. Nd2 Nbd7 12. e4 Rb8 13. a5 Qc7 14. Nc4 Nxe4 15. Nxe4 Rxe4 16. Bd3 Re8 17. Re1 Nf6 18. Rxe8+ Nxe8 19. Bg5 Bd7 20. Qf3 h6 21. Bh4 Bb5 22. Re1 Bxc4 23. Bxc4 Qxa5 24. Re7 Qa1+ 25. Bf1 Qxb2 26. Qxf7+ Kh7 27. Re6 Qc2 28. Rxe8 Rxe8 29. Qxe8 a5 30. Qd7 Qc3 31. Qxb7 a4 32. Qb1 a3 33. Bd3 Bd4 34. Bxg6+ Kg7 35. Bh7 Kh8 36. Be4 Qb2 37. Qxb2 Bxb2 38. Bb1 c4 39. Bg3 c3 40. Bxd6 c2 41. Bxc2 a2 42. g3 a1Q+ 43. Kg2 Qc1 44. Be4 Bd4 45. g4 Qe1 46. Bf5 Qxf2+ 47. Kh3 Qf3+ 48. Kh4 Qxd5 49. Bf4 Bg7 50. h3 Qf3 51. Bc7 Bf6+ 52. Kh5 Qxh3+ 53. Kg6 Bg7 54. Bd8 Qe3 55. Bh4 Qe8# 0-1